Prospectus of full time and part time courses in hosiery, dyeing and finishing, textile testing / University College, Department of Textiles
Descripción Física:
20 p. : fot. ; 22 cm
Materias:
Teixits i tèxtils -- Ensenyament
MARC
| LEADER | 00000nam a2200000Ia 4500 | ||
|---|---|---|---|
| 001 | 22599 | ||
| 008 | 160829s9999 xx 000 0 cat d | ||
| 080 | |a RF-15-110 | ||
| 100 | |a University College. Department of Textiles |9 47523 | ||
| 245 | |a Prospectus of full time and part time courses in hosiery, dyeing and finishing, textile testing / University College, Department of Textiles | ||
| 260 | |a Nottingham : |b Jno. Sands & Son, [193- ?] | ||
| 300 | |a 20 p. : |b fot. ; |c 22 cm | ||
| 590 | |a Prové de 4275 | ||
| 650 | |a Teixits i tèxtils |x Ensenyament |9 47589 | ||
| 856 | 4 | |u https://media.diba.cat/diba/fitxers/arxiu/fulletons/bib_22599_1930_baixa.pdf |y Accés lliure | |
| 856 | 4 | |u https://media.diba.cat/diba/fitxers/arxiu/fulletons/bib_22599_1930_baixa.pdf |y Accés lliure | |
| 901 | |a Arxiu | ||
| 942 | |n 1 |2 udc | ||
| 952 | |0 0 |1 0 |4 0 |6 RF15110 |7 1 |9 53940 |a Arxiu |b Arxiu |d 2016-12-01 |l 0 |o RF-15-110 |p 22599 |r 2016-12-01 00:00:00 |w 2016-12-01 |y ARXIU | ||
| 999 | |c 57807 |d 57807 | ||
| 900 | |a bib_22599_1930_baixa.pdf | ||